Southville International School and Colleges
Your cart is empty.
  • Cart
  • Lists
    Public lists Eva Luna New books Lux_list list_1
    Your lists Log in to create your own lists
  • Log in to your account
  • Your cookies
  • Search history
Southville International School and Colleges
  • Advanced search
  • Recent comments
  • Most popular
  • Libraries

Log in to your account

Log in with GOOGLE


If you do not have an external account, but do have a local account, you can still log in:

  1. Home
  2. MARC view: HTML5 and CSS3 :
Normal view MARC view ISBD view

HTML5 and CSS3 : (Record no. 358096)

[ view plain ]
MARC details
000 -LEADER
fixed length control field 00649nam a2200253Ia 4500
008 - FIXED-LENGTH DATA ELEMENTS--GENERAL INFORMATION
fixed length control field 180628s9999 xx 000 0 und d
020 ## - INTERNATIONAL STANDARD BOOK NUMBER
International Standard Book Number 978-981-4763-83-7
050 ## - LIBRARY OF CONGRESS CALL NUMBER
Classification number ComSc QA 76.76
050 ## - LIBRARY OF CONGRESS CALL NUMBER
Item number .H94V63 2017
100 ## - MAIN ENTRY--PERSONAL NAME
Personal name Vodnik, Sasha.
245 #0 - TITLE STATEMENT
Title HTML5 and CSS3 :
245 #0 - TITLE STATEMENT
Remainder of title introductory /
245 #0 - TITLE STATEMENT
Statement of responsibility, etc Sasha Vodnik.
250 ## - EDITION STATEMENT
Edition statement 2nd Edition.
260 ## - PUBLICATION, DISTRIBUTION, ETC. (IMPRINT)
Place of publication, distribution, etc Andover :
260 ## - PUBLICATION, DISTRIBUTION, ETC. (IMPRINT)
Name of publisher, distributor, etc Cengage Learning Asia,
260 ## - PUBLICATION, DISTRIBUTION, ETC. (IMPRINT)
Date of publication, distribution, etc 2017
300 ## - PHYSICAL DESCRIPTION
Extent 233 pages :
300 ## - PHYSICAL DESCRIPTION
Other physical details illustrations ;
300 ## - PHYSICAL DESCRIPTION
Dimensions 26 cm.
500 ## - GENERAL NOTE
General note Includes index.
650 ## - SUBJECT ADDED ENTRY--TOPICAL TERM
Topical term or geographic name as entry element HTML (Document markup language).
650 ## - SUBJECT ADDED ENTRY--TOPICAL TERM
General subdivision Cascading style sheets.
Holdings
Withdrawn status Lost status Damaged status Home library Current library Shelving location Date acquired Cost, normal purchase price Total Checkouts Full call number Barcode Date last seen Price effective from Koha item type
      South Mansfield College South Mansfield College   06/26/2018 349.20   ComSc QA 76.76 .H94V63 2017 SMC06171 06/28/2018 06/28/2018 Books

HTML5 and CSS3 :

APA

Vodnik S., .HTML5 and CSS3. Andover: .

Chicago

Vodnik Sasha, .HTML5 and CSS3. Andover: .

Harvard

Vodnik S., .HTML5 and CSS3. Andover: .

MLA

Vodnik Sasha, .Andover: . .

  • Place hold
  • Print
  • Cite
  • Add to your cart (remove)
  • Save record
    BIBTEX Dublin Core MARCXML MARC (non-Unicode/MARC-8) MARC (Unicode/UTF-8) MARC (Unicode/UTF-8, Standard) MODS (XML) RIS
  • More searches
    Search for this title in:
    Other Libraries (WorldCat) Other Databases (Google Scholar) Online Stores (Bookfinder.com) Open Library (openlibrary.org)

Exporting to Dublin Core...

SOUTHVILLE LIBRARY

Southville International School and Colleges Library

1281 Tropical Ave. Cor. Luxembourg St., BF Homes International, Las Pinas City

Tel. No. 8256374 / 252358 Loc. 117/146

Powered by Koha